[Event "George Trundle Masters"]
[Site "Auckland"]
[Date "2023.04.15"]
[Round "4"]
[White "Chang, Yolanda"]
[Black "Thurner, Anya"]
[Result "1-0"]
[WhiteElo "1591"]
[BlackElo "1733"]
[PlyCount "77"]
[EventDate "2023.04.12"]
[EventType "tourn"]
[EventRounds "9"]
[EventCountry "NZL"]
[SourceTitle "EXT 2024"]
[Source "ChessBase"]
[SourceDate "2023.10.10"]
[SourceVersion "1"]
[SourceVersionDate "2023.10.10"]
[SourceQuality "1"]

1. d4 d5 2. c4 e6 3. Nc3 Nf6 4. cxd5 exd5 5. Bg5 Be7 6. e3 h6 7. Bh4 0-0 8. Bd3 Re8 9. Nge2 c6 10. 0-0 Nbd7 11. f3 Nf8 12. Bf2 c5 13. Rc1 Ne6 14. Bb1 b6 15. Qd3 Nf8 16. e4 dxe4 17. Nxe4 Nxe4 18. fxe4 Bg5 19. Be3 Ba6 20. Qd2 Bxe3+ 21. Qxe3 Bxe2 22. Qxe2 Qxd4+ 23. Kh1 Qe5 24. Rc3 Nh7 25. Rcf3 Re7 26. Rf5 Qe6 27. h4 Nf6 28. e5 Nd7 29. Qe4 g6 30. Qxa8+ Re8 31. Qf3 gxf5 32. Bxf5 Qe7 33. Qg4+ Kh8 34. Bxd7 Rg8 35. Qh5 Rg6 36. Bf5 Rc6 37. e6 fxe6 38. Qxh6+ Kg8 39. Bh7+ 1-0

[Event "NZL-ch Rapid 129th"]
[Site "Christchurch"]
[Date "2022.01.12"]
[Round "8"]
[White "Thurner, Anya"]
[Black "Langford, Josh"]
[Result "1/2-1/2"]
[WhiteElo "1574"]
[BlackElo "1637"]
[PlyCount "124"]
[EventDate "2022.01.11"]
[EventType "swiss (rapid)"]
[EventRounds "9"]
[EventCountry "NZL"]
[SourceTitle "CBM 206 Extra"]
[Source "ChessBase"]
[SourceDate "2022.03.31"]
[SourceVersion "1"]
[SourceVersionDate "2022.03.31"]
[SourceQuality "1"]

1. e4 c6 2. d4 d5 3. Nc3 dxe4 4. Nxe4 Nd7 5. Nf3 Ngf6 6. Nxf6+ Nxf6 7. Bf4 Bg4 8. Be2 e6 9. c3 Bd6 10. Bxd6 Qxd6 11. 0-0 0-0 12. Re1 c5 13. dxc5 Qxc5 14. Nd4 Bxe2 15. Qxe2 Rfd8 16. Rad1 a6 17. h3 b5 18. Nb3 Qb6 19. Rd4 Rxd4 20. Nxd4 b4 21. Qc4 Nd5 22. cxb4 Qxb4 23. Qxb4 Nxb4 24. a3 Nd3 25. Re2 a5 26. Rd2 Ne5 27. Rc2 a4 28. Nc6 Nd3 29. Rd2 Nf4 30. Nb4 Kf8 31. f3 Ke7 32. Kf2 Rc8 33. Ke3 Ng6 34. g3 Rc1 35. Kf2 Ne5 36. f4 Nc4 37. Nc6+ Kf6 38. Re2 Nxb2 39. Rxb2 Rxc6 40. Rb4 Ra6 41. Ke3 Ra5 42. g4 e5 43. Kf3 exf4 44. Kxf4 g5+ 45. Kg3 Ke5 46. Kf3 f5 47. gxf5 Kxf5 48. Kg3 h5 49. Kf3 Ke5 50. Kg3 Kd5 51. Kf3 Ke5 52. Kg3 Ra8 53. Kf3 Rf8+ 54. Ke3 Rf4 55. Rb5+ Kf6 56. Rb6+ Ke7 57. Rb5 Rh4 58. Rxg5 Rxh3+ 59. Kd4 Rxa3 60. Rxh5 Rg3 61. Ra5 Rg8 62. Kc3 Rg4 1/2-1/2

[Event "NZL-ch Major op"]
[Site "Christchurch"]
[Date "2022.01.02"]
[Round "1"]
[White "Thurner, Anya"]
[Black "Sunathvanichkul, Tawan"]
[Result "1-0"]
[WhiteElo "1574"]
[BlackElo "1266"]
[PlyCount "75"]
[EventDate "2022.01.02"]
[EventType "swiss"]
[EventRounds "9"]
[EventCountry "NZL"]
[SourceTitle "EXT 2024"]
[Source "ChessBase"]
[SourceDate "2023.10.10"]
[SourceVersion "1"]
[SourceVersionDate "2023.10.10"]
[SourceQuality "1"]

1. e4 e5 2. Nf3 Nc6 3. d4 exd4 4. Nxd4 Nf6 5. Nxc6 bxc6 6. Bd3 Bc5 7. 0-0 0-0 8. Bg5 h6 9. Bh4 Be7 10. Nd2 d5 11. exd5 cxd5 12. Nf3 c5 13. c3 a6 14. Bc2 Be6 15. Ne5 Qc7 16. Re1 Ne8 17. Qd3 f5 18. Bxe7 Qxe7 19. Ng6 Qd6 20. Nxf8 Kxf8 21. Qg3 Qb6 22. b3 Nf6 23. Qg6 Ne4 24. Bxe4 dxe4 25. c4 Ra7 26. f3 Rf7 27. fxe4 Rf6 28. Qg3 f4 29. Qd3 Qc7 30. e5 Rf5 31. Qd6+ Qxd6 32. exd6 Rf6 33. Rad1 Ke8 34. Re5 Kd7 35. Rxc5 Bg4 36. Rc7+ Kd8 37. Rd2 Rg6 38. d7 1-0

[Event "NZL-ch Major op"]
[Site "Palmerston North"]
[Date "2021.01.04"]
[Round "3"]
[White "Thurner, Anya"]
[Black "Yu, Zachary"]
[Result "1/2-1/2"]
[WhiteElo "1436"]
[BlackElo "1314"]
[PlyCount "61"]
[EventDate "2021.01.02"]
[EventType "swiss"]
[EventRounds "9"]
[EventCountry "NZL"]
[SourceTitle "EXT 2024"]
[Source "ChessBase"]
[SourceDate "2023.10.10"]
[SourceVersion "1"]
[SourceVersionDate "2023.10.10"]
[SourceQuality "1"]

1. e4 e6 2. d4 d5 3. exd5 exd5 4. Nf3 c5 5. c3 Nc6 6. Bb5 Bd6 7. Nbd2 Bd7 8. 0-0 Nge7 9. dxc5 Bxc5 10. Nb3 Bb6 11. Qe2 0-0 12. Be3 Bxe3 13. Qxe3 Re8 14. Bxc6 Nxc6 15. Qd2 Bf5 16. Nfd4 Bg6 17. Rfe1 Qb6 18. Re3 Rxe3 19. Qxe3 f6 20. Rd1 Ne5 21. Qc1 Nd3 22. Qd2 Re8 23. Nf3 Qa6 24. a3 Qb6 25. Nfd4 a6 26. f4 Nc5 27. Nxc5 Qxc5 28. Kh1 Be4 29. Nc2 Bxc2 30. Qxc2 Qc4 31. Qf2 1/2-1/2

[Event "Online Olym Div3 A"]
[Site "Chess.com INT"]
[Date "2020.08.07"]
[Round "3.5"]
[White "Thurner, Anya"]
[Black "Shuqja, Klean"]
[Result "0-1"]
[WhiteElo "1320"]
[BlackElo "1838"]
[PlyCount "76"]
[EventDate "2020.08.07"]
[EventType "team-tourn (rapid)"]
[EventRounds "9"]
[EventCountry "USA"]
[SourceTitle "CBM 198"]
[Source "ChessBase"]
[SourceDate "2020.10.31"]
[SourceVersion "1"]
[SourceVersionDate "2020.10.31"]
[SourceQuality "1"]
[WhiteTeam "New Zealand"]
[BlackTeam "Albania"]
[WhiteTeamCountry "NZL"]
[BlackTeamCountry "ALB"]

1. e4 d5 2. exd5 Qxd5 3. Nc3 Qd8 4. Bc4 Nf6 5. Nf3 a6 6. a4 b6 7. d3 Bb7 8. Bf4 e6 9. 0-0 Be7 10. Qe2 0-0 11. Rfe1 Nc6 12. Rad1 h6 13. Ne4 Rc8 14. Nxf6+ Bxf6 15. c3 Qd7 16. d4 a5 17. Ne5 Qe7 18. Nxc6 Bxc6 19. Bb3 Qd7 20. Be5 Bxa4 21. Bxa4 Qxa4 22. Bxf6 gxf6 23. Qh5 Kh7 24. Rd3 Qc2 25. Rh3 Qg6 26. Qxg6+ Kxg6 27. Ree3 Kh7 28. Ref3 f5 29. Kf1 Rg8 30. Rhg3 Rxg3 31. Rxg3 Rg8 32. Rxg8 Kxg8 33. Ke2 Kf8 34. Kf3 Ke7 35. Kf4 Kf6 36. h3 h5 37. g3 a4 38. h4 c5 0-1

[Event "NZL-ch Major op"]
[Site "Tauranga"]
[Date "2020.01.16"]
[Round "3"]
[White "Thurner, Anya"]
[Black "Han, Allan"]
[Result "1/2-1/2"]
[WhiteElo "1664"]
[BlackElo "1373"]
[PlyCount "85"]
[EventDate "2020.01.14"]
[EventType "swiss"]
[EventRounds "9"]
[EventCountry "NZL"]
[SourceTitle "EXT 2021"]
[Source "ChessBase"]
[SourceDate "2020.10.23"]
[SourceVersion "1"]
[SourceVersionDate "2020.10.23"]
[SourceQuality "1"]

1. e4 c5 2. b3 d6 3. Nc3 Nf6 4. Bb2 a6 5. f4 e6 6. Nf3 Nc6 7. g3 e5 8. fxe5 Nxe5 9. Nxe5 dxe5 10. d3 Be6 11. Bg2 Bd6 12. Qd2 b5 13. 0-0 Nd7 14. Nd5 f6 15. Ne3 0-0 16. Nf5 Nb6 17. Rad1 Qc7 18. Nxd6 Qxd6 19. Qe3 a5 20. c3 b4 21. d4 Nd7 22. dxc5 Qxc5 23. Qxc5 Nxc5 24. Rd6 Rfd8 25. Rfd1 Rxd6 26. Rxd6 Rb8 27. c4 Rc8 28. Bc1 Kf8 29. Be3 Ke7 30. Bxc5 Rxc5 31. Rd2 Rc7 32. Kf2 Rd7 33. Rxd7+ Kxd7 34. Ke3 Kc6 35. Bf3 Kc5 36. Kd3 Bh3 37. Be2 g6 38. Bf3 f5 39. Ke3 Bf1 40. Be2 Bxe2 41. Kxe2 Kd4 42. exf5 gxf5 43. Kd2 1/2-1/2